Integration und Kohäsion heterogener Staaten in der EU Aussenhandelstheoretische und entwicklungsrelevante Probleme
Uložené v:
| Hlavný autor: | |
|---|---|
| Médium: | Kniha |
| Jazyk: | German |
| Vydavateľské údaje: |
Wiesbaden
Deutscher Universitäts Verlag
1994
|
| Edícia: | Gabler Edition Wissenschaft
|
| Predmet: | |
| Tagy: |
Žiadne tagy, Buďte prvý, kto otaguje tento záznam!
|
MARC
| LEADER | 00000nam a2200000 4500 | ||
|---|---|---|---|
| 001 | c017654 | ||
| 005 | 20230117133516.8 | ||
| 020 | |a 3-8244-6036-X | ||
| 041 | 0 | |a ger | |
| 044 | |a DE | ||
| 245 | 1 | 0 | |a Integration und Kohäsion heterogener Staaten in der EU |b Aussenhandelstheoretische und entwicklungsrelevante Probleme |c Gerhard Fisch |
| 264 | 1 | |a Wiesbaden |b Deutscher Universitäts Verlag |c 1994 | |
| 300 | |a 260 s. | ||
| 490 | 1 | |a Gabler Edition Wissenschaft | |
| 830 | 0 | |a Gabler Edition Wissenschaft | |
| 610 | 2 | 0 | |a integrácia ekonomická medzinárodná |
| 610 | 2 | 0 | |a Európske spoločenstvá |
| 610 | 2 | 0 | |a vzťahy hospodárske medzinárodné |
| 610 | 2 | 0 | |a obchod zahraničný |
| 610 | 2 | 0 | |a spolupráca hospodárska medzinárodná |
| 610 | 2 | 0 | |a disparita |
| 610 | 2 | 0 | |a konkurencia |
| 610 | 2 | 0 | |a hypotézy |
| 610 | 2 | 0 | |a pokrok technologický |
| 610 | 2 | 0 | |a trh vnútorný |
| 610 | 2 | 0 | |a rozvoj hospodársky |
| 610 | 2 | 0 | |a deľba práce |
| 610 | 2 | 0 | |a infraštruktúra |
| 610 | 2 | 0 | |a podnik multinacionálny |
| 610 | 2 | 0 | |a politika regionálna |
| 610 | 2 | 0 | |a kooperácia hospodárska medzinárodná |
| 100 | 1 | |a Fisch, Gerhard | |